Cambridge handbook of violent behavior and aggression (Record no. 911866)

MARC details
000 -LEADER
fixed length control field 01003nam a2200277Ia 4500
003 - CONTROL NUMBER IDENTIFIER
control field OSt
005 - DATE AND TIME OF LATEST TRANSACTION
control field 20221002045134.0
008 - FIXED-LENGTH DATA ELEMENTS--GENERAL INFORMATION
fixed length control field 220930b |||||||| |||| 00| 0 eng d
020 ## - INTERNATIONAL STANDARD BOOK NUMBER
International Standard Book Number 9780521607858 (pbk)
037 ## - SOURCE OF ACQUISITION
Terms of availability Reference Collections
040 ## - CATALOGING SOURCE
Original cataloging agency CRL
Transcribing agency CRL
Language of cataloging eng
041 ## - LANGUAGE CODE
Source of code eng
Language code of text/sound track or separate title eng
100 ## - MAIN ENTRY--PERSONAL NAME
Personal name Flannery Daniel J. Ed.
9 (RLIN) 570151
245 #0 - TITLE STATEMENT
Title Cambridge handbook of violent behavior and aggression
260 ## - PUBLICATION, DISTRIBUTION, ETC.
Place of publication, distribution, etc. New York
Name of publisher, distributor, etc. Cambrdige University Press
Date of publication, distribution, etc. 2007
300 ## - PHYSICAL DESCRIPTION
Extent xix, 817p.
Dimensions cm.
650 ## - SUBJECT ADDED ENTRY--TOPICAL TERM
Topical term or geographic name entry element PSYCHOLOGY
700 ## - ADDED ENTRY--PERSONAL NAME
Personal name Vazsonyi Alexander T. Ed.
9 (RLIN) 570152
700 ## - ADDED ENTRY--PERSONAL NAME
Personal name Waldman Irwin D. Ed.
9 (RLIN) 570153
942 ## - ADDED ENTRY ELEMENTS (KOHA)
Classification part S:524g, P7 (RR)
Koha item type
Source of classification or shelving scheme Colon Classification (CC)

No items available.

Copyright @ Delhi University Library System